000 00879nmm a2200265 a 4500
001 ocm000701611
003 TR-IsHL
005 20201028141822.0
008 131226s1986 tu tur
007 cr cn
035 _a701611
_b(N$T)
050 0 4 _aTK5105.2
_b.P73 1986
090 0 4 _aTK5105.2
_b.P73 1986
100 1 _aRodekurth, Bernd
245 1 0 _aPratik video tamir kılavuzu
_h[electronic resource] /
_cBernd Rodekurth ; çev. İbrahim Kurhan
260 _aİstanbul :
_bYüce Yayınları,
_c1986
300 _a138 p.
650 4 _aMühendislik ve Teknoloji
650 4 _aEngineering and Technology
650 0 _aVideo tamiri
650 0 _aVideo repair
650 7 _aTECHNOLOGY & ENGINEERING / Television & Video
_2bisacsh
700 1 _aKurhan, İbrahim
856 4 0 _uhttp://search.ebscohost.com/login.aspx?direct=true&scope=site&db=e011xww&AN=701611
999 _c8020
_d8020